X Censo Nacional de Población y VI de Vivienda 2011: características Sociales y Demográficas /
Na minha lista:
| Autor Corporativo: | |
|---|---|
| Formato: | Desconhecido |
| Idioma: | Spanish |
| Publicado em: |
Costa Rica :
INEC
|
| Tags: |
Adicionar Tag
Sem tags, seja o primeiro a adicionar uma tag!
|
MARC
| LEADER | 00000 a2200000 04500 | ||
|---|---|---|---|
| 001 | 44989 | ||
| 003 | |||
| 008 | 050704s2012 cr spa d | ||
| 040 | |||
| 020 | |a 978-9968-921-95-4 | ||
| 022 | |a 978-9968-921-95-4 | ||
| 090 | |a 1001 CR8375cs X2011 T.2 | ||
| 110 | |a Instituto Nacional de Estadística y Censos (Costa Rica) | ||
| 245 | |a X Censo Nacional de Población y VI de Vivienda 2011: |b características Sociales y Demográficas / |c Instituto Nacional de Estadística y Censos | ||
| 246 | |a Censo 2011 | ||
| 260 | |a Costa Rica : |b INEC | ||
| 300 | |a Tomo II, 338 páginas : |b ilustraciones, tablas, mapas | ||
| 999 | |c 15059 |d 15059 | ||



